Score 0/25 Timer 08:00
2 Plays Today
% Correct
blackboard
95.8%
watermelon
95.8%
cappuccino
95.7%
earthquake
95.7%
dockworker
95.5%
bridegroom
95.5%
screenplay
95.4%
population
95.2%
quizmaster
95.2%
nutritious
95.1%
auditorium
95%
artificial
95%
vocabulary
95%
% Correct
silhouette
94.6%
levitation
94.6%
individual
94.4%
excitement
94.3%
wrongdoing
94%
complexity
93.3%
victorious
93.2%
experience
93.1%
roughhouse
91.5%
inadequate
91.3%
accomplish
91.2%
amateurish
83.3%
Remove Ads.
Support Sporcle.
Get the best of Sporcle when you Go Orange. This ad-free experience offers more features, more stats, and more fun while also helping to support Sporcle. Thank you for becoming a member.

You're not logged in!

Compare scores with friends on all Sporcle quizzes.
OR
Log In

Sporcle TV

Today on Sporcle TV


Watch our educational content, quiz creation guides, and fun videos on Sporcle TV.

Show Comments

Extras

Top Quizzes Today


Score Distribution

Paid Content

Your Account Isn't Verified!

In order to create a playlist on Sporcle, you need to verify the email address you used during registration. Go to your Sporcle Settings to finish the process.

Report this User

Report this user for behavior that violates our Community Guidelines.

Details: